000
00317nam a2200133Ia 4500
008
100328s9999 xx 000 0 und d
082
_b
28611
100
_a
कुलकर्णी मंगला
245
_a
साद
260
_b
शकुन
630
_a
साद
730
_a
साद
942
_c
BOOK
999
_c
519933
_d
519930